| 000 | 00795nam a2200313 a 4500 | ||
|---|---|---|---|
| 003 | AR-BaBNM | ||
| 005 | 20251128203608.0 | ||
| 008 | 082120s2002 ||||||||||||||000 | spa|| | ||
| 040 | _cAR-BaBNM | ||
| 100 | 1 | _aFrutos, Pedro | |
| 245 | 0 | 0 |
_aElementos de economía política _n1 |
| 250 | _a3ª ed. | ||
| 260 |
_aBuenos Aires _bBiblioteca Jurídica Argentina _c[s.f.] |
||
| 300 |
_a442 p. _bgráfs. |
||
| 650 | 4 | _aHISTORIA SOCIAL | |
| 650 | 4 | _aSALARIO MINIMO | |
| 650 | 4 | _aPOLITICA LABORAL | |
| 650 | 4 | _aPOLITICA SOCIAL | |
| 650 | 4 | _aSALARIOS | |
| 650 | 4 | _aCAPITALISMO | |
| 650 | 4 | _aHISTORIA ECONOMICA | |
| 650 | 4 | _aIMPUESTOS | |
| 650 | 4 | _aHACIENDA PUBLICA | |
| 650 | 4 | _aMONETARISMO | |
| 650 | 4 | _aTRANSPORTE | |
| 700 | 1 | _aTrinade, Rodrigo | |
| 942 | _cBK | ||
| 998 | _cmariana | ||
| 999 |
_c4070 _d4070 |
||